000 01528cam a22004454i 4500
003 PE-LiUPU
005 20250731173144.0
008 150623s1998 enk r 000 0 eng d
020 _a0521485932
035 _a(Sirsi) i9780521485937
040 _aPE-LiUPU
_bspa
_cPE-LiUPU
_erda
049 _aPRUA
082 0 4 _a220.6
_bC22
_221
245 0 4 _aThe cambridge companion to biblical interpretation /
_ceditado por John Barton.
264 1 _aCambridge :
_bCambridge University Press,
_c1998.
300 _a338 páginas ;
_c23 centímetros
336 _atext
_2rdacontent
337 _aunmediated
_2rdamedia
338 _avolume
_2rdacarrier
505 0 _aLines of approach -- Biblical bools in modern interpretation.
526 _aSEG42
526 _aSEG41
526 _aSEG40
526 _aSEG39
526 _aP94
526 _aP87
526 _aP86
526 _aP85
526 _aP77
526 _aP76
526 _aP35
630 _aBiblia
_xCrítica, interpretación, etc.
700 1 _aBarton, John,
_d1948-.
942 _2ddc
_cBOOK
949 _a220.6 C22
_wDEWEY
_c1
_i53149
_d2015-9-23
_e2015-9-22
_lCCODEBUL1
_mBUL
_n1
_p15.00
_r0
_sY
_tBOOK
_u2015-6-24
_xTEOLOGIA
_PP35
_0COMPRA
_o.STAFF. Colección General
994 _aC0
_bPEPRU
596 _a1
999 _a220.6 C22
_wDEWEY
_c34950
_i53149
_d34950
_e2015-9-22
_f2021-11-9
_g4
_lCCODEBUL1
_mBUL
_n1
_p15.00
_q3
_r0
_sY
_tBOOK
_u2015-6-24
_xTEOLOGIA
_PP35
_0COMPRA
_o.STAFF. Colección Teología
980 _81
_gALBERTO SANCHEZ Responsable de Automatización